Chronický únavový syndrom /

Hlavní autor: Kačinetzová, Alena, 1965-
Jazyk: Čeština
Vydáno: Praha : Triton, 1999
Vydání: Vyd. 2.
Témata:
Fyzický popis: 45 s. ; 19 cm
Knihy
Uloženo v:
LEADER 00953nam a2200301 a 4500
001 000452772
003 CZ BrMZK
005 20210107102059.0
007 ta
008 990315s1999 xr e f cze d
015 |a cnb000781684 
020 |a 80-7254-052-1 
035 |a (OCoLC)84984329 
040 |a BOA001  |b cze 
072 7 |a 616  |x Patologie. Klinická medicína  |2 Konspekt  |9 14 
080 |a 616.8-009.17-008.6  |2 MRF 
080 |a (036)  |2 MRF 
100 1 |a Kačinetzová, Alena,  |d 1965-  |7 xx0005949  |4 aut 
245 1 0 |a Chronický únavový syndrom /  |c Alena Kačinetzová 
250 |a Vyd. 2. 
260 |a Praha :  |b Triton,  |c 1999 
300 |a 45 s. ;  |c 19 cm 
500 |a Bibliogr. 
650 0 7 |a syndrom chronické únavy  |7 ph183308  |2 czenas 
655 7 |a informační publikace  |7 fd132454  |2 czenas 
910 |a BOA001  |b 1-1066.430 
990 |a BK 
996 6 |b 2610105423  |c 1-1066.430  |l MZK  |r Sklad / do 1 hodiny  |n 17  |p p.v.  |w 000452772  |u 000010  |a 1  |e BOA001  |j MZK50  |s P